<?xml version="1.0" encoding="UTF-8"?>
<record
    xmlns:xsi="http://www.w3.org/2001/XMLSchema-instance"
    xsi:schemaLocation="http://www.loc.gov/MARC21/slim http://www.loc.gov/standards/marcxml/schema/MARC21slim.xsd"
    xmlns="http://www.loc.gov/MARC21/slim">

  <leader>00586    a2200169   4500</leader>
  <datafield tag="040" ind1=" " ind2=" ">
    <subfield code="a">ULA-LD-MS</subfield>
  </datafield>
  <datafield tag="082" ind1=" " ind2=" ">
    <subfield code="b">043.2 658.3/INF/C </subfield>
    <subfield code="m">3</subfield>
  </datafield>
  <datafield tag="100" ind1=" " ind2=" ">
    <subfield code="9">1106</subfield>
    <subfield code="a">INFELIZ, Anderson Paulo</subfield>
  </datafield>
  <datafield tag="245" ind1=" " ind2=" ">
    <subfield code="a">As Condi&#xE7;&#xF5;es De Trabalho Que Influenciam Na vida dos Funcion&#xE1;rios E No Desenvolvimento Das Organiza&#xE7;&#xF5;es</subfield>
    <subfield code="b">Estudo de caso: Empresa De Transportes Coletivos (ANGOAUSTRAL-T4</subfield>
  </datafield>
  <datafield tag="250" ind1=" " ind2=" ">
    <subfield code="a">1&#xAA; Edi&#xE7;&#xE3;o</subfield>
  </datafield>
  <datafield tag="260" ind1=" " ind2=" ">
    <subfield code="a">Luanda/Angola</subfield>
    <subfield code="c">Luanda, 2021</subfield>
  </datafield>
  <datafield tag="300" ind1=" " ind2=" ">
    <subfield code="a">102p.</subfield>
  </datafield>
  <datafield tag="600" ind1=" " ind2="0">
    <subfield code="a">INFELIZ, Anderson Paulo</subfield>
  </datafield>
  <datafield tag="650" ind1=" " ind2=" ">
    <subfield code="a">Recusos Humanos</subfield>
  </datafield>
  <datafield tag="700" ind1=" " ind2=" ">
    <subfield code="a">Anderson Paulo Infeliz</subfield>
  </datafield>
  <datafield tag="942" ind1=" " ind2=" ">
    <subfield code="c">TFC</subfield>
  </datafield>
  <datafield tag="999" ind1=" " ind2=" ">
    <subfield code="c">2283</subfield>
    <subfield code="d">2283</subfield>
  </datafield>
  <datafield tag="952" ind1=" " ind2=" ">
    <subfield code="0">0</subfield>
    <subfield code="1">0</subfield>
    <subfield code="2">ddc</subfield>
    <subfield code="4">0</subfield>
    <subfield code="7">0</subfield>
    <subfield code="a">ULA-LD-MS</subfield>
    <subfield code="b">ULA-LD-MS</subfield>
    <subfield code="d">2026-04-29</subfield>
    <subfield code="l">0</subfield>
    <subfield code="o">043.2 658.3/INF/C</subfield>
    <subfield code="r">2026-04-29</subfield>
    <subfield code="w">2026-04-29</subfield>
    <subfield code="y">TFC</subfield>
  </datafield>
</record>
